Phân lập, tuyển chọn một số dòng vi khuẩn và nấm men cho việc sản xuất thủy sâm (Kombucha) : Báo cáo tổng kết đề tài Khoa học và Công nghệ cấp trường
Nội dung hướng đến việc phân lập và tuyển chọn được một số dòng vi khuẩn và nấm men có đặc tính tốt trong lên men trà Thủy sâm. Xây dụng qui trình lên men thủy sâm từ những dòng vi khuẩn và nấm men tuyển chọn...
Αποθηκεύτηκε σε:
| Κύριος συγγραφέας: | |
|---|---|
| Μορφή: | Βιβλίο |
| Γλώσσα: | Undetermined |
| Έκδοση: |
Cần Thơ
Trường Đại học Cần Thơ
2014
|
| Θέματα: | |
| Ετικέτες: |
Προσθήκη ετικέτας
Δεν υπάρχουν, Καταχωρήστε ετικέτα πρώτοι!
|
| Thư viện lưu trữ: | Trung tâm Học liệu Trường Đại học Cần Thơ |
|---|
| LEADER | 01295nam a2200229Ia 4500 | ||
|---|---|---|---|
| 001 | CTU_198322 | ||
| 008 | 210402s9999 xx 000 0 und d | ||
| 082 | |a 660.63 | ||
| 082 | |b Qu106 | ||
| 088 | |a T2013-78 | ||
| 100 | |a Phạm, Hồng Quang | ||
| 245 | 0 | |a Phân lập, tuyển chọn một số dòng vi khuẩn và nấm men cho việc sản xuất thủy sâm (Kombucha) : | |
| 245 | 0 | |b Báo cáo tổng kết đề tài Khoa học và Công nghệ cấp trường | |
| 245 | 0 | |c Phạm Hồng Quang (Chủ nhiệm đề tài) ; Huỳnh Xuân Phong, Nguyễn Ngọc Thạnh (Người tham gia) | |
| 260 | |a Cần Thơ | ||
| 260 | |b Trường Đại học Cần Thơ | ||
| 260 | |c 2014 | ||
| 520 | |a Nội dung hướng đến việc phân lập và tuyển chọn được một số dòng vi khuẩn và nấm men có đặc tính tốt trong lên men trà Thủy sâm. Xây dụng qui trình lên men thủy sâm từ những dòng vi khuẩn và nấm men tuyển chọn | ||
| 650 | |a Microbiology,Vi sinh vật học | ||
| 650 | |x Biotechnology,Công nghệ sinh học | ||
| 904 | |i Hiền, Hải | ||
| 980 | |a Trung tâm Học liệu Trường Đại học Cần Thơ | ||